000 00245nam a2200109Ia 4500
005 20251222144841.0
008 251222s9999||||xx |||||||||||||| ||spa||
082 _a249.8/P77
245 0 _aSexualidad humana:
264 _bSalesiana
942 _cLIB
999 _c21241
_d21241